000 01157nam a2200301 i 4500
001 bg
003 BPK
005 20250820063551.0
008 000828s1978 pl a f f |000 0 pol
015 _aPB 1979/5797
040 _aWA N
_cBPK
041 0 _apol
041 0 _aeng
080 _a8111.111
080 _a62
080 _a(075.8)
100 1 _aSokołowska, Alina
_c(filolożka)
_eAutor
245 1 0 _aEnglish texts :
_bskrypt dla studentów wydziałów architektury, budownictwa lądowego, transportu, inżynierii sanitarnej i wodnej wyższych szkół technicznych do przedmiotu Język angielski /
_cAlina Sokołowska ; Politechnika Krakowska im. Tadeusza Kościuszki.
250 _aWyd. 2.
260 _aKraków :
_bPK,
_c1978.
300 _a263 s. :
_bil. ;
_c24 cm.
650 4 _aJęzyk angielski
_xszkoły wyższe.
650 4 _aTechnika
_xterminologia.
655 4 _aPodręczniki akademickie
710 2 _aPolitechnika Krakowska im. Tadeusza Kościuszki
_4pbl.
856 _uhttp://koha.tu.koszalin.pl/cgi-bin/koha/opac-detail.pl?biblionumber=18540
_yKatalog online BPK
942 _2UKD
_cKS
999 _c18540
_d18540